| 000 | 00000nam##2200000za#4500 |
| 001 | 9.580802 |
| 003 | CaOODSP |
| 005 | 20210624191219 |
| 007 | cr ||||||||||| |
| 008 | 150406|2000||||xxc|||||o f|0| 0 eng|d |
| 040 | |aCaOODSP|beng |
| 043 | |an-cn--- |
| 086 | 1 |aNH18-22/100-130E-PDF |
| 110 | 2 |aCanada Mortgage and Housing Corporation. |
| 245 | 10|aAirtightness of concrete basement slabs |h[electronic resource] |
| 250 | |aRevised 2007 |
| 260 | |aOttawa - Ontario : |bCanada Mortgage and Housing Corporation |cc2000, 2007. |
| 300 | |a4p.|bfigs., table |
| 490 | 1 |aResearch and development highlights; technical series |v00-130 |
| 500 | |aFile reproduced from original print. |
| 590 | |a14-16-Supp|b2014-09-25 |
| 775 | 08|tÉtanchéité à l'air des dalles de sous-sol en béton / |w(CaOODSP)9.607746 |
| 776 | 0#|tAirtightness of concrete basement slabs |w(CaOODSP)9.615760 |
| 830 | #0|aResearch and development highlights; technical series ;|v00-130|w(CaOODSP)9.504481 |
| 856 | 40|ahttp://publications.gc.ca|qPDF|s270 KB|uhttps://publications.gc.ca/collections/collection_2014/schl-cmhc/NH18-22-100-130-eng.pdf|y00-130 |